[Event "TUR-chT 2nd League"]
[Site "Konya"]
[Date "2019.07.28"]
[Round "9.12"]
[White "Yilmaz, Ada"]
[Black "Kurt, Emre"]
[Result "1/2-1/2"]
[WhiteElo "1805"]
[BlackElo "1675"]
[PlyCount "68"]
[EventDate "2019.07.22"]
[EventType "team-swiss"]
[EventRounds "9"]
[EventCountry "TUR"]
[SourceTitle "CBM 191 Extra"]
[Source "ChessBase"]
[SourceDate "2019.09.30"]
[SourceVersion "1"]
[SourceVersionDate "2019.09.30"]
[SourceQuality "1"]
[WhiteTeam "Karaman Yunus Ortaokulu"]
[BlackTeam "Gulbahcesi Egitim"]
[WhiteTeamCountry "TUR"]
[BlackTeamCountry "TUR"]

1. d4 e6 2. c4 d5 3. Nc3 Nf6 4. cxd5 exd5 5. Bg5 Be7 6. e3 Nbd7 7. Bd3 c6 8. Nge2 Nh5 9. Bxe7 Qxe7 10. Qc2 g6 11. 0-0 0-0 12. Rab1 Nb6 13. b4 a6 14. a4 Be6 15. b5 cxb5 16. axb5 a5 17. f3 f5 18. Rfe1 Rfc8 19. Qd2 Qg5 20. Nf4 Nxf4 21. exf4 Qf6 22. Re5 Nd7 23. Nxd5 Bxd5 24. Rxd5 Nb6 25. Re5 Qd6 26. Rbe1 Qxd4+ 27. Kh1 Nc4 28. Bxc4+ Qxc4 29. Qd7 Qc7 30. Qd5+ Qf7 31. Qxf7+ Kxf7 32. Re7+ Kg8 33. Rxb7 a4 34. h3 Rcb8 1/2-1/2

[Event "TUR-chT 2nd League"]
[Site "Konya"]
[Date "2019.07.23"]
[Round "3.7"]
[White "Donmez, Taha Mert"]
[Black "Yilmaz, Ada"]
[Result "0-1"]
[WhiteElo "1961"]
[BlackElo "1805"]
[PlyCount "132"]
[EventDate "2019.07.22"]
[EventType "team-swiss"]
[EventRounds "9"]
[EventCountry "TUR"]
[SourceTitle "CBM 191 Extra"]
[Source "ChessBase"]
[SourceDate "2019.09.30"]
[SourceVersion "1"]
[SourceVersionDate "2019.09.30"]
[SourceQuality "1"]
[WhiteTeam "Seyhan Belediye"]
[BlackTeam "Karaman Yunus Ortaokulu"]
[WhiteTeamCountry "TUR"]
[BlackTeamCountry "TUR"]

1. c4 c6 2. Nf3 d5 3. d4 Nf6 4. Qc2 e6 5. g3 Be7 6. Bg2 0-0 7. 0-0 b6 8. cxd5 cxd5 9. Nc3 Bb7 10. Bf4 Nh5 11. Bd2 Nd7 12. Rfc1 Rc8 13. a4 a6 14. Qd3 Nhf6 15. Rab1 Ne4 16. b4 Rc4 17. Nd1 b5 18. axb5 axb5 19. Ne3 Rxc1+ 20. Bxc1 Nd6 21. Ng4 Nc4 22. h4 f6 23. Bh3 Qb6 24. Ne3 Ra8 25. g4 Nf8 26. h5 Ra4 27. g5 fxg5 28. Ng4 h6 29. Nge5 Nxe5 30. Nxe5 Bf6 31. Qe3 Qd6 32. Nd3 Ra2 33. Nc5 Bc8 34. Qd3 Bd7 35. Bg4 Be8 36. Be3 e5 37. dxe5 Qxe5 38. Rd1 Ra1 39. Bf3 Rxd1+ 40. Qxd1 d4 41. Bc1 Bd8 42. Ne4 g4 43. Bg2 Bxh5 44. Bb2 Bb6 45. Ng3 Bf7 46. e3 h5 47. Bxd4 Bxd4 48. Qxd4 Qc7 49. Qc5 Qd7 50. Nxh5 Qd1+ 51. Kh2 Bxh5 52. Bd5+ Bf7 53. Bxf7+ Kxf7 54. Qxb5 Qf3 55. Qc4+ Ne6 56. Qc2 Qh3+ 57. Kg1 g3 58. f3 Ng5 59. Qg2 Qh2+ 60. Qxh2 Nxf3+ 61. Kg2 gxh2 62. b5 Ke6 63. e4 Kd6 64. b6 Kc6 65. e5 Nxe5 66. Kxh2 Kxb6 0-1

[Event "Kemer Turkey Cup"]
[Site "Kemer"]
[Date "2014.02.01"]
[Round "1"]
[White "Temizkan, Denizcan"]
[Black "Yilmaz, Ada"]
[Result "1-0"]
[WhiteElo "2025"]
[BlackElo "1830"]
[PlyCount "51"]
[EventDate "2014.02.01"]
[EventType "swiss"]
[EventRounds "9"]
[EventCountry "TUR"]
[SourceTitle "CBM 158 Extra"]
[Source "ChessBase"]
[SourceDate "2014.02.28"]
[SourceVersion "1"]
[SourceVersionDate "2014.02.28"]
[SourceQuality "1"]

1. d4 d5 2. c4 c6 3. e3 Nf6 4. Nf3 a6 5. Nc3 b5 6. b3 Bg4 7. Be2 e6 8. 0-0 Be7 9. Bb2 Nbd7 10. Rc1 0-0 11. Ne5 Bxe2 12. Nxe2 Nxe5 13. dxe5 Nd7 14. cxd5 cxd5 15. Nd4 Qb6 16. f4 Rac8 17. Qe2 Nc5 18. f5 Bg5 19. Nf3 Bh6 20. Bd4 b4 21. g4 f6 22. exf6 gxf6 23. g5 fxg5 24. Ne5 Qd6 25. f6 Kh8 26. Qh5 1-0

[Event "Bursa op 07"]
[Site "Bursa"]
[Date "2011.07.16"]
[Round "2"]
[White "Yilmaz, Ada"]
[Black "Koc, Ilkay"]
[Result "0-1"]
[WhiteElo "1709"]
[BlackElo "2116"]
[PlyCount "144"]
[EventDate "2011.07.15"]
[EventType "swiss"]
[EventRounds "7"]
[EventCountry "TUR"]
[SourceTitle "EXT 2012"]
[Source "ChessBase"]
[SourceDate "2011.11.24"]
[SourceVersion "1"]
[SourceVersionDate "2011.11.24"]
[SourceQuality "1"]

1. e4 d5 2. exd5 Nf6 3. Nf3 Nxd5 4. d4 g6 5. a3 Bg7 6. c4 Nb6 7. Be3 0-0 8. Be2 Bg4 9. 0-0 Nc6 10. Nbd2 e5 11. d5 e4 12. Nxe4 Bxf3 13. Bxf3 Ne5 14. Bxb6 axb6 15. Be2 f5 16. Nc3 f4 17. f3 Nf7 18. Qd2 Nd6 19. Bd3 Bd4+ 20. Kh1 Be3 21. Qc2 Qh4 22. Nd1 Bd4 23. Qd2 Rae8 24. Nf2 Be3 25. Qc2 Re7 26. b4 Rfe8 27. c5 Nf5 28. Bxf5 gxf5 29. Nh3 Qf6 30. Qc4 Kh8 31. Rad1 Rg7 32. Qc2 Reg8 33. Rde1 Rxg2 34. Qxg2 Rxg2 35. Kxg2 bxc5 36. bxc5 Qb2+ 37. Kh1 Qxa3 38. Rb1 Qxc5 39. Rxb7 Qc4 40. Kg2 h6 41. Rb8+ Kg7 42. Rb7 Kf6 43. Nf2 Ke5 44. Rfb1 Kxd5 45. Rd1+ Kc6 46. Rb2 Bb6 47. Nd3 Kb7 48. Nf2 Qg8+ 49. Kf1 Qg5 50. Rdd2 Qh5 51. Kg2 Qg6+ 52. Kf1 Qe8 53. Re2 Qg8 54. Red2 Qg6 55. Rbc2 Be3 56. Re2 c5 57. Rb2+ Kc6 58. Rec2 Kd5 59. Nh3 Qa6+ 60. Kg2 c4 61. Ra2 Qg6+ 62. Kf1 Qc6 63. Kg2 c3 64. Nf2 Kc4 65. Nd1 Bd4 66. Nb2+ Kb3 67. Nd3 Qg6+ 68. Kh3 Be3 69. Ne5 Qd6 70. Nf7 Qd1 71. Rg2 Qxf3+ 72. Kh4 Bd4 0-1

[Event "Bursa op 06"]
[Site "Bursa"]
[Date "2011.06.26"]
[Round "6"]
[White "Yilmaz, Ada"]
[Black "Cebelli, Ozel"]
[Result "1/2-1/2"]
[WhiteElo "1751"]
[BlackElo "2130"]
[PlyCount "47"]
[EventDate "2011.06.24"]
[EventType "swiss"]
[EventRounds "7"]
[EventCountry "TUR"]
[SourceTitle "EXT 2012"]
[Source "ChessBase"]
[SourceDate "2011.11.24"]
[SourceVersion "1"]
[SourceVersionDate "2011.11.24"]
[SourceQuality "1"]

1. e4 e6 2. d4 d5 3. Nc3 dxe4 4. Nxe4 Bd7 5. Nf3 Bc6 6. Neg5 Bd6 7. Nxf7 Kxf7 8. Ng5+ Ke8 9. Bc4 Bxg2 10. Rg1 Bd5 11. Nxe6 Bxe6 12. Bxe6 Qe7 13. Qh5+ g6 14. Qd5 Nf6 15. Qc4 b5 16. Qb3 Nc6 17. Be3 Rb8 18. d5 Bb4+ 19. c3 Ne5 20. cxb4 Nf3+ 21. Ke2 Nxg1+ 22. Rxg1 Qd6 23. Qc3 Rf8 24. Bc5 1/2-1/2

[Event "Bursa op 06"]
[Site "Bursa"]
[Date "2011.06.25"]
[Round "3"]
[White "Esen, Nejdet"]
[Black "Yilmaz, Ada"]
[Result "0-1"]
[WhiteElo "2019"]
[BlackElo "1751"]
[PlyCount "70"]
[EventDate "2011.06.24"]
[EventType "swiss"]
[EventRounds "7"]
[EventCountry "TUR"]
[SourceTitle "EXT 2012"]
[Source "ChessBase"]
[SourceDate "2011.11.24"]
[SourceVersion "1"]
[SourceVersionDate "2011.11.24"]
[SourceQuality "1"]

1. e4 c5 2. Nf3 d6 3. Bb5+ Bd7 4. Bxd7+ Nxd7 5. 0-0 Ngf6 6. Re1 e6 7. c3 Be7 8. d4 cxd4 9. cxd4 d5 10. e5 Ne4 11. Nbd2 Nxd2 12. Bxd2 0-0 13. Re3 Nb6 14. b3 Qd7 15. h4 h6 16. Nh2 f5 17. exf6 Bxf6 18. Nf3 Rac8 19. Qe2 Rfe8 20. Re1 Rc6 21. g4 Qe7 22. Kg2 Nd7 23. Kh3 Nf8 24. Qd3 Qf7 25. R3e2 Qg6 26. Qb5 Rb6 27. Qc5 h5 28. Bg5 hxg4+ 29. Kxg4 Qf5+ 30. Kg3 Bxg5 31. hxg5 Ng6 32. Qc1 Rf8 33. Qe3 Nf4 34. Rh1 Nxe2+ 35. Qxe2 Qf4+ 0-1